000 00553nam a2200181Ia 4500
008 090124s9999 xx 000 0 und d
082 _b15499
_a216
100 _aरॉयचौधरी एस्.पी.
245 _a जमीन आणि माती
250 _a1
260 _c1966
300 _a172
600 _aरॉयचौधरी एस्.पी.
630 _a जमीन आणि माती
700 _aरॉयचौधरी एस्.पी.
730 _a जमीन आणि माती
942 _cBOOK
999 _c129439
_d129439